000 00537nam a22001937a 4500
003 KOHA_MİRAKIL
005 20251125123925.0
008 251125b tu ||||| |||| 00| 0 tur d
020 _a9786050301434
040 _aTR-AnABB
_btur
_cTR-AnABB
041 _atur
082 _a813.42
_bDEV 2016
100 1 _aDevrim, Şevket,
245 1 0 _aNira dünyanın sırrı /
_cŞevket Devrim
260 _aİstanbul :
_bAkademi Yayınevi,
_c2016
300 _a408 sayfa ;
_c20 cm
650 0 4 _aTürk edebiyatı, roman
942 _2ddc
_cBK
999 _c9633
_d9633
900 _bGizem YORULMAZ